00470nam a2200193 a 4500001001300000003000900013005001700022008004100039020001200080082001500092100001900107245002200126260003400148300000900182500003500191505001000226650002100236700001900257nice12345678IN_TiNIC20260116011418.0050524s1961 lona grp 000 0 eng  ac576.200a296.3bSTE aStewart, Roy A aRabbinic Theology aLondonbOliver and Boydc1961 a202p aincludes index and biblioraphy2 aIndex aJudaism-Theology1 aStewart, Roy A